书目信息 |
| 题名: |
世界100文明奇迹
|
|
| 作者: | 《世界100文明奇迹》编委会编 | |
| 分册: | ||
| 出版信息: | 长春 吉林出版集团有限责任公司 2007 |
|
| 页数: | 223页 | |
| 开本: | 24cm | |
| 丛书名: | 图说天下:国家地理系列 | |
| 单 册: | ||
| 中图分类: | K917-49 | |
| 科图分类: | ||
| 主题词: | 名胜古迹 , 名胜古迹--世界--普及读物 | |
| 电子资源: | ||
| ISBN: | 7-80720-633-0 | |
| 000 | 00824oam2 2200241 450 | |
| 001 | 003344649 | |
| 005 | 20070805094121.23 | |
| 010 | @a7-80720-633-0@dCNY19.80 | |
| 100 | @a20070104d2007 em y0chiy0110 ea | |
| 101 | 0 | @achi |
| 102 | @aCN@b220000 | |
| 105 | @aa z 000yy | |
| 200 | 1 | @a世界100文明奇迹@9shi jie 100 wen ming qi ji@f《世界100文明奇迹》编委会编 |
| 210 | @a长春@c吉林出版集团有限责任公司@d2007 | |
| 215 | @a223页@c彩图@d24cm | |
| 225 | 2 | @a图说天下:国家地理系列 |
| 330 | @a本书选取了世界100处文明奇迹进行了全方位、深入浅出的介绍,发掘它们所蕴藏的文化和历史意义,真是的再现了人类在各个发展阶段所取得辉煌成就。 | |
| 461 | 0 | @12001 @a图说天下:国家地理系列 |
| 606 | 0 | @a名胜古迹 |
| 606 | 0 | @a名胜古迹@y世界@j普及读物 |
| 690 | @aK917-49@v4 | |
| 801 | 0 | @aCN@bNLC@c20070805 |
| 905 | @a10447@dK917-49@e168 | |
| 世界100文明奇迹/《世界100文明奇迹》编委会编.-长春:吉林出版集团有限责任公司,2007 |
| 223页:彩图;24cm.-(图说天下:国家地理系列) |
| ISBN 7-80720-633-0:CNY19.80 |
| 本书选取了世界100处文明奇迹进行了全方位、深入浅出的介绍,发掘它们所蕴藏的文化和历史意义,真是的再现了人类在各个发展阶段所取得辉煌成就。 |
| ● |
| 相关链接 |
|
|
|
|
正题名:世界100文明奇迹
索取号:K917-49/168
 
预约/预借
| 序号 | 登录号 | 条形码 | 馆藏地/架位号 | 状态 | 备注 |
| 1 | 0808065 | 208080654 | 第二样本阅览室/ [索取号:K917-49/168] | 在馆 | |
| 2 | 0808066 | 208080663 | 第二借阅区/ [索取号:K917-49/168] | 在馆 | |
| 3 | 0808067 | 208080672 | 第二借阅区/ [索取号:K917-49/168] | 在馆 | |
| 4 | 0808068 | 208080681 | 第二借阅区/ [索取号:K917-49/168] | 在馆 | |
| 5 | 0808069 | 208080690 | 第二借阅区/ [索取号:K917-49/168] | 在馆 | |
| 6 | 0808070 | 208080707 | 第二借阅区/ [索取号:K917-49/168] | 在馆 | |
| 7 | 0808071 | 208080716 | 第二借阅区/ [索取号:K917-49/168] | 在馆 | |
| 8 | 0808072 | 208080725 | 第二借阅区/ [索取号:K917-49/168] | 在馆 | |
| 9 | 0808073 | 208080734 | 第二借阅区/ [索取号:K917-49/168] | 在馆 | |
| 10 | 0808074 | 208080743 | 第二借阅区/ [索取号:K917-49/168] | 在馆 |